| 000 | 01268cam a2200325 a 4500 | ||
|---|---|---|---|
| 999 |
_c529984 _d529984 |
||
| 001 | 2943684 | ||
| 003 | NUST | ||
| 005 | 20191008124002.0 | ||
| 008 | 900313s1989 gauab 000 0 eng | ||
| 010 | _a 90034727 | ||
| 020 | _a0962696005 | ||
| 038 | _awaseem | ||
| 040 |
_aDLC _cDLC _dDLC |
||
| 043 | _an-us-ga | ||
| 050 | 0 | 0 |
_aE476.7 _b.K44 1989 |
| 082 | 0 | 0 |
_a973.737 _bKEL |
| 100 | 1 |
_aKelly, Dennis, _d1945- _923153 |
|
| 245 | 1 | 0 |
_aKennesaw Mountain and the Atlanta Campaign : _ba tour guide / _cby Dennis Kelly. |
| 260 |
_aMarietta, Ga. : _bKennesaw Mountain Historical Association, _c[1989?] |
||
| 300 |
_a62 p. ; _bill., maps ; _c28 cm. |
||
| 650 | 0 |
_aKennesaw Mountain, Battle of, Ga., 1864. _923154 |
|
| 650 | 0 |
_aAtlanta Campaign, 1864. _923155 |
|
| 650 | 0 |
_aHistoric sites _zGeorgia _zMarietta Region _xGuidebooks. _923156 |
|
| 651 | 0 |
_aKennesaw Mountain National Battlefield Park (Ga.) _xGuidebooks. _923157 |
|
| 651 | 0 |
_aMarietta Region (Ga.) _xGuidebooks. _923158 |
|
| 856 | 4 | 1 |
_3Table of contents _uhttp://www.loc.gov/catdir/toc/fy052/90034727.html |
| 906 |
_a7 _bcbc _corignew _d1 _eocip _f19 _gy-gencatlg |
||
| 942 |
_2ddc _cBK |
||